| 000 | 01067nam a2200289 i 4500 | ||
|---|---|---|---|
| 001 | bg | ||
| 100 | 1 | _aJANKOWSKA, Agnieszka | |
| 245 | 0 |
_aFundusze Strukturalne Unii Europejskiej : _bkomentarz do rozporządzenia Rady Unii Europejskiej Nr 1260/1999 z dnia 21 czerwca 1999 r. wprowadzającego ogólne przepisy dotyczące Funduszy Strukturalnych / _cAgnieszka Jankowska, Tomasz Kierzkowski (red.), Robert Knopik. |
|
| 260 |
_aWarszawa : _bC.H. Beck, _c2005. |
||
| 300 |
_a513 s. : _b1 mapa, 2 fot. |
||
| 490 | 1 | _aStudia Ekonomiczne | |
| 504 | _aIndeks. | ||
| 650 | 9 | _aFundusze strukturalne UE | |
| 650 | 9 | _aPolityka regionalna UE | |
| 650 | 9 | _aProgramy pomocowe UE | |
| 700 | 1 | _aKIERZKOWSKI, Tomasz | |
| 700 | 1 | _aKNOPIK, Robert | |
| 830 | _aStudia Ekonomiczne | ||
| 020 | _a8373877711 | ||
| 040 | _cBPK | ||
| 041 | 0 | _apol | |
| 080 | _a339.7:332.14(4-67)"1989/..." | ||
| 920 | _a83-7387-771-1 | ||
| 942 | _cKS | ||
| 008 | s pl f |000 0 pol | ||
| 999 |
_c46066 _d46066 |
||
| 856 |
_uhttp://koha.tu.koszalin.pl/cgi-bin/koha/opac-detail.pl?biblionumber=46066 _yKatalog online BPK |
||